Ацилпроизводные 4-аминоантипирина; Известия Томского политехнического института [Известия ТПИ]; Т. 92

Dades bibliogràfiques
Parent link:Известия Томского политехнического института [Известия ТПИ]/ Томский политехнический институт (ТПИ).— , 1944-1976
Т. 92.— 1960.— [С. 56-59]
Autor principal: Кулев Л. П. Леонид Петрович
Altres autors: Степнова Г. М.
Sumari:Заглавие с титульного листа
Электронная версия печатной публикации
Idioma:rus
Publicat: 1960
Matèries:
Accés en línia:http://www.lib.tpu.ru/fulltext/v/Bulletin_TPU/1960/v92/09.pdf
Format: MixedMaterials Electrònic Capítol de llibre
KOHA link:https://koha.lib.tpu.ru/cgi-bin/koha/opac-detail.pl?biblionumber=190438

MARC

LEADER 00000nla2a2200000 4500
001 190438
005 20231031175905.0
035 |a (RuTPU)RU\TPU\book\207492 
035 |a RU\TPU\book\207460 
090 |a 190438 
100 |a 20110121d1960 k y0rusy50 ca 
101 0 |a rus 
102 |a RU 
135 |a drnn ---uucaa 
181 0 |a i  
182 0 |a b 
200 1 |a Ацилпроизводные 4-аминоантипирина  |b Электронный ресурс  |f Л. П. Кулев, Г. М. Степнова 
203 |a Текст  |c электронный 
215 |a 1 файл (265 Кб) 
230 |a Электронные текстовые данные (1 файл : 265 Кб) 
300 |a Заглавие с титульного листа 
300 |a Электронная версия печатной публикации 
320 |a [Библиогр.: с. 59 (3 назв.)] 
337 |a Adobe Reader 
461 1 |0 (RuTPU)RU\TPU\book\200995  |t Известия Томского политехнического института [Известия ТПИ]  |f Томский политехнический институт (ТПИ)  |d 1944-1976 
463 1 |0 (RuTPU)RU\TPU\book\207455  |t Т. 92  |v [С. 56-59]  |d 1960  |p 174 с. 
610 1 |a электронный ресурс 
610 1 |a труды учёных ТПУ 
700 1 |a Кулев  |b Л. П.  |c российский химик  |c профессор Томского политехнического института  |f 1900-1962  |g Леонид Петрович  |2 stltpush  |3 (RuTPU)RU\TPU\pers\12449 
701 1 |a Степнова  |b Г. М. 
801 1 |a RU  |b 63413507  |c 20090320  |g PSBO 
801 2 |a RU  |b 63413507  |c 20110720  |g PSBO 
856 4 |u http://www.lib.tpu.ru/fulltext/v/Bulletin_TPU/1960/v92/09.pdf 
942 |c CF